Co je předmětem druhého pilíře podle Basel II?

Systém hodnotenia dostatočnosti interného kapitálu (ICAAP). Hlavným princípom a zmyslom piliera 2 z hľadiska regulovaných bankových entít je vytvoriť a aktívne používať proces riadenia interného kapitálu, ktorý sa má stať integrálnou súčasťou systému riadenia rizík bánk. Proces kvantifikácie interné...

Ausführliche Beschreibung

Gespeichert in:
Bibliographische Detailangaben
1. Verfasser: Nevický, Pavel
Format: Buchkapitel
Sprache:Tschechisch
Schlagworte:
Tags: Tag hinzufügen
Keine Tags, Fügen Sie das erste Tag hinzu!

MARC

LEADER 00000naa$a2200000$$$4500
001 0059086
005 20231010094651.1
041 0 |a cze 
044 |a CZ 
245 1 0 |a Co je předmětem druhého pilíře podle Basel II?  |c Pavel Nevický 
520 |a Systém hodnotenia dostatočnosti interného kapitálu (ICAAP). Hlavným princípom a zmyslom piliera 2 z hľadiska regulovaných bankových entít je vytvoriť a aktívne používať proces riadenia interného kapitálu, ktorý sa má stať integrálnou súčasťou systému riadenia rizík bánk. Proces kvantifikácie interného kapitálu. Využitie ICAAP. 
610 2 0 |a kapitál 
610 2 0 |a riadenie rizík 
610 2 0 |a banky 
610 2 0 |a kvantifikácia 
610 2 0 |a riziko 
100 1 |a Nevický, Pavel